"Nebyť zranení, som ďalej" obranca Floridy Branislav letí za more už na budúci týždeň

Bibliographic Details
Other Authors: Štulajter, Tomáš (Interviewer)
Format: Article
Language:Slovak
PhysicalDescription:Fotogr.
ISSN:0139-7001
Subjects:

MARC

LEADER 00000nab a2200000 a 4500
001 vtls009007914
003 SK-MaSNL
005 20260303065503.0
008 160322c20070711xo dr|p|||||||000 b|slo
015 |a SNBRB2007/07  |2 snkbucl 
038 |a SNKBUCL 
040 |a SNKBUCL  |b slo  |c SNKBUCL  |e AACR2 
041 |a slo 
044 |a xo  |c SK 
080 |a 796.966.071  |2 UDC-MRF-SK2 
080 |a 929 Mezei, Branislav  |2 UDC-MRF-SK2 
100 1 |a Štulajter, Tomáš  |4 ivr  |9 1033369 
245 1 0 |a "Nebyť zranení, som ďalej"  |b obranca Floridy Branislav letí za more už na budúci týždeň  |c [zhováral sa] Tomáš Štulajter 
300 |b Fotogr. 
600 1 7 |a Mezei, Branislav,  |d 1980-  |2 snkbucl  |9 912207 
700 1 |a Mezei, Branislav,  |d 1980-  |4 ive  |9 912207 
773 0 |t Šport  |g Roč. 61, č. 158 (11.7.2007), s. 10-11  |x 0139-7001 
852 |a SNK  |b KIS3GCP 
958 |a BX 
999 |c 1751368  |d 1753298